[Event "TIM"]
[Site "?"]
[Date "2009.??.??"]
[Round "6"]
[White "Roussel-Roozmon"]
[Black "Bhat"]
[Result "0-1"]
[WhiteElo "2487"]
[BlackElo "2473"]
[PlyCount "59"]
[EventDate "2009.08.27"]
[SourceDate "2009.09.02"]

1. d4 d5 2. c4 c6 3. cxd5 cxd5 4. Nf3 Nf6 5. Nc3 Nc6 6. Bf4 Nh5 7. Bd2 e6 8.
Rc1 Nf6 9. e3 Bd6 10. Bd3 O-O 11. O-O e5 12. dxe5 Nxe5 13. Be2 a6 14. Nxe5 Bxe5
15. Bf3 Be6 16. g3 Qe7 17. Qe2 Rad8 18. Rfd1 Rfe8 19. Be1 d4 20. exd4 Bxd4 21.
Bd2 b5 22. Bg5 h6 23. Bf4 Qa7 24. Qf1 g5 25. Bd2 Ng4 26. Ne4 Bf5 27. Bxg4 Bxg4
28. Re1 f5 29. Nc3 Bxf2+ 30. Qxf2 0-1